| LEADER | 00987nam a2200205 i 4500 | ||
|---|---|---|---|
| 003 | GR-PaULI | ||
| 005 | 20210311094521.0 | ||
| 008 | 201015s1983 gr a|||g |||| 00| 0 gre d | ||
| 952 | |0 0 |1 0 |2 ddc |4 0 |6 271_819000000000000_495_22_ΓΚΙ |7 0 |9 324030 |a LISP |b LISP |c BSC |d 2021-03-11 |i 151108 |l 0 |o 271.819 495 22 ΓΚΙ |p 025000277961 |r 2021-03-11 00:00:00 |t 1 |w 2021-03-11 |y BK15 | ||
| 999 | |c 147584 |d 147584 | ||
| 040 | |a GR-PaULI |b gre |c GR-PaULI |d GR-AiPI |e AACR2 | ||
| 082 | 0 | 4 | |a 271.819 495 22 |2 23 |
| 100 | 1 | |9 133352 |a Γκιολές, Νικόλαος |e συγγραφέας. | |
| 245 | 1 | 2 | |a Ο ναός του Αγ. Νικήτα στον Καραβά Μέσα Μάνης / |c Νικ. Γκιολέ. |
| 260 | |a Εν Αθήναις : |b [χ.ό.], |c 1983. | ||
| 300 | |a 154-202 σ. ;| |c 24 εκ. | ||
| 500 | |a Ανάτυπο από το περιοδικό Λακωνικαί σπουδαί, τ. 7 (1983). | ||
| 650 | 4 | |9 183779 |a Ναοί |z Ελλάδα |z Μάνη. | |
| 942 | |2 ddc |c BK15 | ||
| 998 | |c ΜΙΧΟΣΤΑΥΡΟΥ |d 2020-10 | ||